000 01070nam0a22002771 4500
001 rc\4619007
005 20250612132938.0
021 _aRU
_b[60-69012]
035 _a(NLR Aleph) 008673809
090 _a9136430
_c9136430
100 _a20130416d1960 |||y0rusy50 ca
101 0 _arus
102 _aRU
105 _aa z |||||
200 1 _aСборник работ по некоторым вопросам дозиметрии и радиометрии ионизирующих излучений
_fПод ред. канд. техн. наук Сивинцева Ю.В. [1]
210 _aМосква
_cАтомиздат
_d1960
215 _a189 с., 9 л. черт.
_cил.
_d24
320 _aБиблиогр. в конце работ
606 _aИонизирующие излучения
_xДозиметрия
_jСборники
_2psbo
606 _aРадиометрия
_jСборники
_2psbo
702 1 _aСивинцев
_bЮ.В.
_4340
801 0 _aRU
_bNLR
_gpsbo
801 1 _aRU
_bELAR
_2rusmarc
852 _aNLR
_j60-7/2069
942 _cBOOK
980 _aNB